Vista normal Vista MARC
  • Urdapilleta Leyva, Olivia

Entrada Nombre Personal

Número de registros utilizados en: 1

001 - NUMERO DE CONTROL

  • campo de control: 59375

003 - IDENTIFICADOR DE NUMERO DE CONTROL

  • campo de control: MX-MxUPN

005 - FECHA Y HORA DE LA ÜLTIMA TRANSACCIÓN

  • campo de control: 20260427093206.0

008 - DATOS DE LONGITUD FIJA

  • campo de control de longitud fija: 260427nn acnnnaabn a aaa d

040 ## - FUENTE DE CATALOGACIÓN

  • Agencia original de catalogación: MX-MxUPN
  • Lenguaje de catalogación: spa

100 1# - ENCABEZAMIENTO - NOMBRE PERSONAL

  • Nombre personal: Urdapilleta Leyva, Olivia

400 1# - VEÁSE - NOMBRE DE PERSONA

  • Personal name: Leyva, Olivia Urdapilleta

670 ## - FUENTE EN LA QUE SE LOCALIZARON DATOS

  • Cita de la fuente: Matemáticas 2, 2010 :
  • Información localizada: cubierta (Olivia Urdapilleta Leyva)

902 ## - CATALOGADOR

  • Catalogador: VíctorGodínez/270426